00412cam a2200157ua 4500001000400000008003900004040000900043082000800052245005000060250000900110260002900119300002200148653002200170653003400192700002800226401110331n ii |||gr||||Z||||||eng cMAIN a3411 aHandbook of international lawcby Usha Saxena a2nd. aLucknow:bPrakashan,970. axii, 476p:c35cm. aPolitical science aHandbook of international law aSaxena, Usha.,eAuthor.